000 00501nam a2200181Ia 4500
008 090123s9999 xx 000 0 und d
082 _b41314
100 _aमनसुटे सु.दा.
245 _aघुंगरु
250 _a1
260 _bअमोल प्रकाशन
_c2007
300 _a151
600 _aमनसुटे सु.दा.
630 _aघुंगरु
700 _aमनसुटे सु.दा.
730 _aघुंगरु
942 _cBOOK
999 _c79388
_d79388